| 000 | 01338cam a2200349 i 4500 | ||
|---|---|---|---|
| 003 | DO-SdBNP | ||
| 005 | 20240314143008.0 | ||
| 007 | ta | ||
| 008 | 751003s2011 dr 001 f spa d | ||
| 020 | _a9788420650968 | ||
| 040 |
_aDO-SdBNP _bspa _cBNPHU _erda |
||
| 082 | 4 |
_a330 _bS642r, 2011 _222 |
|
| 100 | 1 |
_aSmith, Adam, _d1723-1790 _985048 |
|
| 240 |
_aAn inquiry into the nature and causes of the wealth of nations _lEspañol |
||
| 245 | 1 | 3 |
_aLa riqueza de las naciones : _b(libros I-II-III y selección de los libros IV y V) / _cAdam Smith ; traducción Carlos Rodríguez Braun |
| 250 | _a3a. edición | ||
| 264 | 1 |
_aMadrid, España : _bAlianza editorial, _c2011. |
|
| 264 | 3 |
_aMadrid, España : _bAlianza editorial, _c2017. |
|
| 300 |
_a814 páginas _c18 cm. |
||
| 336 |
_2rdacontent _atexto _btxt |
||
| 337 |
_2rdamedia _asin mediación _bn |
||
| 338 |
_2rdacarrier _avolumen _bnc |
||
| 490 | 0 | _aEconomía | |
| 500 | _aObra publicada originalmente en dos volúmenes en Londres en 1776. | ||
| 500 | _aIncluye Índice de nombres y materias. | ||
| 500 | _aLa biblioteca posee la 7a. reimpresión del 2017. | ||
| 590 | _aInventariado, 2023/ YL | ||
| 650 | 4 |
_aEconomía. _984355 |
|
| 700 | 1 |
_aRodríguez Braun, Carlos _etraducción _984360 |
|
| 910 | _aYlockward/Validado. Control de calidad MFF | ||
| 942 |
_2ddc _cLBS1 |
||
| 999 |
_c55065 _d55065 |
||